Missing Word: AKC Dog Breeds Quiz Stats

Quiz Updated Mar 8, 2016

Also try: 100 Animal Names
Challenge
Share
Tweet
Embed
Score 0/20 Timer 02:00
1 Play Today
AKC Dog Breed Missing Word % Correct
Basset ___Hound
94.5%
___ DaneGreat
94.2%
Yorkshire ___Terrier
91.3%
Chow ___Chow
72.2%
___ PinscherDoberman
70%
___ HuskySiberian
59.4%
Chinese ___-PeiShar
58.5%
Portuguese ___ DogWater
58%
Chesapeake ___ RetrieverBay
53.3%
Bernese ___ DogMountain
51%
AKC Dog Breed Missing Word % Correct
Bichon ___Frise
48.4%
___ TzuShih
46.1%
Alaskan ___Malamute
44.1%
___ ApsoLhasa
40.1%
Cardigan ___ CorgiWelsh
37.2%
Bearded ___Collie
33.5%
Australian ___ DogCattle
26.3%
Miniature ___ TerrierBull
18.3%
English Toy ___Spaniel
17.8%
___ Dinmont TerrierDandie
13.5%

Today's Daily Dose

You're not logged in!

Compare scores with friends on all Sporcle quizzes.
Sign Up with Email
OR
Log In

You Might Also Like...

Show Comments

Extras

Top Quizzes Today


Score Distribution

Your Account Isn't Verified!

In order to create a playlist on Sporcle, you need to verify the email address you used during registration. Go to your Sporcle Settings to finish the process.